| 000 | 01196nam a22003135a 4500 | ||
|---|---|---|---|
| 003 | EG-ScBUE | ||
| 005 | 20211128142221.0 | ||
| 008 | 170517s2015 ua f b 000000 ara d | ||
| 017 | _a2010 / 8267 | ||
| 020 | _a9789774276033 | ||
| 040 |
_aEG-ScBUE _bara _erda _cEG-ScBUE _dEG-ScBUE |
||
| 082 | 0 | 4 |
_a892.71109 _bط هـ هـ _222 |
| 100 | 1 |
_aطه حسين، _d1889-1973، _eمؤلف. |
|
| 245 | 1 | 0 |
_aفي الشعر الجاهلي / _cتأليف طه حسين ؛ تقديم ودراسة وتحليل سامح كريم. |
| 250 | _aالطبعة الثالثة. | ||
| 264 | 1 |
_aالقاهرة : _bالدار المصرية اللبنانية، _c2015. |
|
| 300 |
_a424 صفحة ؛ _c24 سم |
||
| 336 |
_2rdacontent _aنص _btxt |
||
| 337 |
_2rdamedia _aبدون وسيط _bn |
||
| 338 |
_2rdacarrier _aمجلد _bnc |
||
| 504 | _aيشتمل على إرجاعات ببليوجرافية. | ||
| 546 | _aالنص باللغة العربية. | ||
| 650 | 7 |
_2BUEsh _aالشعر العربي _xتاريخ ونقد _yالعصر الجاهلي. _934630 |
|
| 651 | _2BUEsh | ||
| 653 |
_bARALIT _cMay2017 |
||
| 655 |
_vReading book _934232 |
||
| 700 | 1 |
_aكريم، سامح، _eمقدم. |
|
| 942 | _2ddc | ||
| 999 |
_c24865 _d24837 |
||